| 000 | 00630nam a22001935i 4500 | ||
|---|---|---|---|
| 001 | 155694 | ||
| 003 | ES-MaACL | ||
| 005 | 20250716062626.0 | ||
| 008 | 040727s1881 fr |||| | fre d | ||
| 040 |
_aCAM _bspa _cCAM |
||
| 100 | 1 |
_aHugo, Victor, _d1802-1885 _964627 |
|
| 245 | 1 | 0 |
_aHernani _b: [drame] / _cVictor Hugo. |
| 250 | _aNouvelle éd. | ||
| 260 |
_aParis : _bCalmann Lévy éditeur, _c1881 ( _fImpr. J. Claye : A. Quantin et c\pe\s) |
||
| 300 |
_aVIII, 160 p. ; _c18 cm. |
||
| 594 | _aSubtit. tomado de la antep. | ||
| 852 |
_aES-MaACL _jF-9050 _z-- Enc. hol. conservando la cub. original |
||
| 999 |
_c155694 _d155694 |
||